[Event "2012(Zaozhuang-China) Asian Nations Chess Cup"]
[Site "ZaoZhuang, China"]
[Date "2012.05.19"]
[Round "3"]
[Board "2"]
[White "Lee, Sanghoon"]
[Black "Lo, Cheuk Wai"]
[Result "1-0"]
[WhiteElo "2137"]
[BlackElo "1818"]
[PlyCount "0"]
[EventDate "2012.05.17"]
[EventType "team"]
[EventRounds "9"]
[EventCountry "CHN"]
[WhiteTeam "Korea"]
[BlackTeam "Hong Kong"]

1. Nf3 f5 2. g3 Nf6 3. Bg2 g6 4. O-O Bg7 5. c4 d6 6. d4 O-O 7. Nc3 Qe8 8. d5 a5
9. Rb1 Na6 10. Be3 Bd7 11. a3 c5 12. dxc6 bxc6 13. b4 axb4 14. axb4 Qf7 15. Qd3
Ng4 16. Bd2 Rab8 17. h3 Ne5 18. Nxe5 Bxe5 19. f4 Bf6 20. Na4 Be6 21. Rfc1 Rfc8
22. b5 cxb5 23. cxb5 Bc4 24. Rxc4 Rxc4 25. Bd5 Bd4+ 26. e3 Qxd5 27. Nc3 Nc5 28.
Nxd5 Nxd3 29. exd4 Kf7 30. b6 Ke6 31. Rb5 Kd7 32. Ra5 Kc6 33. Nxe7+ Kxb6 34.
Ra3 Nc1 35. Kf2 Rc2 36. Ke1 Re8 37. Kd1 Ra2 38. Nd5+ Kb7 39. Bxc1 Rxa3 40. Bxa3
Re4 41. Bb2 Re6 42. Kd2 Kc6 43. Nc3 d5 44. Nd1 Re8 45. Ne3 Rb8 46. Bc1 Rb4 47.
Kc3 Rb1 48. Kc2 Rb4 49. Bb2 Rb7 50. g4 Re7 51. Kd3 Re4 52. Ng2 fxg4 53. hxg4 g5
54. Bc1 gxf4 55. Nxf4 Re8 56. g5 Re7 57. Nh5 Rf7 58. Bf4 Rf5 59. Ke3 Kb5 60.
Nf6 h6 61. gxh6 Rxf6 62. h7 Re6+ 63. Be5 Rh6 64. h8=Q Rxh8 65. Bxh8 1-0

[Event "2012(Zaozhuang-China) Asian Nations Chess Cup"]
[Site "ZaoZhuang, China"]
[Date "2012.05.20"]
[Round "4"]
[Board "4"]
[White "Ding, Liren"]
[Black "Lou, Yiping"]
[Result "1-0"]
[WhiteElo "2679"]
[BlackElo "2428"]
[PlyCount "0"]
[EventDate "2012.05.17"]
[EventType "team"]
[EventRounds "9"]
[EventCountry "CHN"]
[WhiteTeam "China 1"]
[BlackTeam "China 2"]

1. Nf3 Nf6 2. c4 c5 3. Nc3 Nc6 4. g3 g6 5. Bg2 d6 6. d4 cxd4 7. Nxd4 Bd7 8. O-O
Bg7 9. Nxc6 bxc6 10. c5 d5 11. e4 dxe4 12. Nxe4 Nd5 13. Nc3 Nxc3 14. bxc3 O-O
15. Bf4 Be6 16. Qa4 Bd5 17. Rfd1 Bxc3 18. Rac1 Bg7 19. Bxd5 cxd5 20. Re1 Re8
21. c6 e5 22. c7 Qc8 23. Qc6 d4 24. Rc5 f6 25. Bd2 h5 26. Rd5 Kh7 27. Rd7 a5
28. Rb1 e4 29. Rb6 1-0

[Event "2012(Zaozhuang-China) Asian Nations Chess Cup"]
[Site "ZaoZhuang, China"]
[Date "2012.05.20"]
[Round "4"]
[Board "2"]
[White "Seyedjavad, Alavimoghaddam"]
[Black "Hari Krishna, Pentala"]
[Result "1/2-1/2"]
[WhiteElo "2441"]
[BlackElo "2693"]
[PlyCount "0"]
[EventDate "2012.05.17"]
[EventType "team"]
[EventRounds "9"]
[EventCountry "CHN"]
[WhiteTeam "Iran"]
[BlackTeam "India"]

1. e4 e5 2. Nf3 Nc6 3. Bc4 Bc5 4. c3 Nf6 5. d4 exd4 6. cxd4 Bb4+ 7. Bd2 Bxd2+
8. Nbxd2 d5 9. exd5 Nxd5 10. Qb3 Na5 11. Qa4+ Nc6 12. Qb3 Nce7 13. O-O O-O 14.
Rfe1 Nb6 15. Bd3 Nc6 16. Be4 Nxd4 17. Nxd4 Qxd4 18. Nf3 Qf6 19. Qc2 g6 20. Qxc7
Qxb2 21. a4 Be6 22. Qxb7 Qf6 23. a5 Nc4 24. Qa6 Rac8 25. Qxa7 Nd6 26. Qd4 Nxe4
27. Rxe4 Qxd4 28. Rxd4 Rc5 29. a6 Ra8 30. Rda4 Ra7 31. h3 Bc8 32. Nd4 Kg7 33.
f4 h6 34. Kf2 g5 35. R1a3 gxf4 36. Kf3 Rg5 37. Ra2 Rg6 1/2-1/2

[Event "2012(Zaozhuang-China) Asian Nations Chess Cup"]
[Site "ZaoZhuang, China"]
[Date "2012.05.20"]
[Round "4"]
[Board "4"]
[White "Golizadeh, Asghar"]
[Black "Gupta, Abhijeet"]
[Result "0-1"]
[WhiteElo "2482"]
[BlackElo "2644"]
[PlyCount "0"]
[EventDate "2012.05.17"]
[EventType "team"]
[EventRounds "9"]
[EventCountry "CHN"]
[WhiteTeam "Iran"]
[BlackTeam "India"]

1. e4 e5 2. Nf3 Nc6 3. Bc4 Nf6 4. d3 h6 5. O-O d6 6. c3 g6 7. d4 Qe7 8. dxe5
Nxe5 9. Nxe5 dxe5 10. Qe2 Bg7 11. f3 O-O 12. Be3 Bd7 13. Nd2 Rfd8 14. Rfd1 Qe8
15. Qf2 a5 16. Qh4 Nh5 17. Nf1 Bf6 18. Qe1 b5 19. Bd5 c6 20. Bb3 a4 21. Bc2 Kh7
22. Ng3 Nf4 23. Ne2 Nh5 24. b3 Be6 25. Rxd8 Qxd8 26. Rd1 Qe7 27. Qd2 Bg5 28.
Bxg5 hxg5 29. Qd6 Qa7+ 30. Kf1 g4 31. Qxe5 axb3 32. axb3 gxf3 33. Nd4 fxg2+ 34.
Kxg2 Bg4 35. Rd3 c5 36. h3 Qb8 37. Qxb8 Rxb8 38. Nc6 Rb6 39. Rd6 Be6 40. h4 Nf6
41. e5 Bd5+ 42. Kh3 Nh5 43. Ne7 Be6+ 44. Kh2 Rxd6 45. exd6 Kg7 46. b4 cxb4 47.
cxb4 Nf6 48. Kg3 Ne8 49. Kf4 Nxd6 50. Ke5 Nc4+ 51. Kd4 f5 52. h5 gxh5 53. Nxf5+
Kf6 54. Ng3 Kg5 55. Ne4+ Kf4 56. Nc3 h4 57. Be4 Bg4 58. Nxb5 Nd2 59. Nc3 Nxe4
60. Nxe4 h3 61. b5 h2 62. Nf2 Kf3 0-1

[Event "2012(Zaozhuang-China) Asian Nations Chess Cup"]
[Site "ZaoZhuang, China"]
[Date "2012.05.20"]
[Round "4"]
[Board "1"]
[White "Jumabayev, Rinat"]
[Black "Zhang, Zhong"]
[Result "1/2-1/2"]
[WhiteElo "2556"]
[BlackElo "2593"]
[PlyCount "0"]
[EventDate "2012.05.17"]
[EventType "team"]
[EventRounds "9"]
[EventCountry "CHN"]
[WhiteTeam "Kazakhstan"]
[BlackTeam "Singapore"]

1. Nf3 d5 2. d4 Nf6 3. c4 e6 4. g3 Bb4+ 5. Bd2 a5 6. Bg2 dxc4 7. Qc2 Nc6 8.
Qxc4 Qd5 9. Qd3 Qe4 10. Qxe4 Nxe4 11. a3 Nxd2 12. Nbxd2 Be7 13. e3 O-O 14. O-O
Bd7 15. Rfc1 Rfb8 16. Ne1 Be8 17. Nd3 Ra7 18. Bxc6 bxc6 19. Rc3 f6 20. b3 Kf7
21. Kf1 g5 22. Ke2 Bd6 23. a4 h5 24. h3 Bd7 25. Rh1 Ke7 26. h4 g4 27. Rhc1 Be8
28. e4 e5 29. dxe5 fxe5 30. Ke3 Bd7 31. f4 gxf3 32. Nxf3 Rab7 33. Nfxe5 Rxb3
34. Nxd7 Kxd7 35. e5 Ba3 36. R1c2 c5 37. Ke4 Kc6 38. e6 Rxc3 39. Rxc3 Bb4 40.
Rc1 Rg8 41. Ne5+ Kd6 42. Kf5 Rf8+ 43. Nf7+ Kd5 44. Rd1+ Kc6 45. Kf6 c4 46. e7
Bxe7+ 47. Kxe7 Rg8 48. Ne5+ Kc5 49. Rc1 Rxg3 50. Rxc4+ Kd5 51. Kf6 Re3 52. Rc1
Re4 53. Ng6 c5 54. Ne7+ Kd4 55. Nf5+ Kd5 56. Kg5 Rxa4 57. Kxh5 Ra2 58. Kg5 Rg2+
59. Kf4 Rf2+ 60. Kg4 Rg2+ 61. Kf3 Rb2 62. Ra1 Ke5 63. Ne3 Rb4 64. Ng4+ Kf5 65.
Rxa5 Rf4+ 1/2-1/2

[Event "2012(Zaozhuang-China) Asian Nations Chess Cup"]
[Site "ZaoZhuang, China"]
[Date "2012.05.20"]
[Round "4"]
[Board "2"]
[White "Goh, Wei Ming Kevin"]
[Black "Ismagambetov, Anuar"]
[Result "1/2-1/2"]
[WhiteElo "2426"]
[BlackElo "2478"]
[PlyCount "0"]
[EventDate "2012.05.17"]
[EventType "team"]
[EventRounds "9"]
[EventCountry "CHN"]
[WhiteTeam "Singapore"]
[BlackTeam "Kazakhstan"]

1. e4 e5 2. Nf3 Nc6 3. Bc4 Bc5 4. c3 Nf6 5. d3 O-O 6. O-O d5 7. exd5 Nxd5 8. h3
Nb6 9. Bb5 f6 10. d4 exd4 11. Bxc6 bxc6 12. cxd4 Bd6 13. Re1 Re8 14. Nc3 Bf5
15. Rxe8+ Qxe8 16. Be3 Qf7 17. Nh4 Be6 18. Qf3 Nd5 19. Ne4 Bf8 20. Bd2 Nb4 21.
Bxb4 Bxb4 22. Nc5 Bd5 23. Qg3 Kh8 24. a3 Bxc5 25. dxc5 g6 26. Re1 Re8 27. Rxe8+
Qxe8 28. Kh2 Qe5 29. b4 Kg7 30. f4 Qe4 31. Qg4 Be6 32. Qf3 Bd5 33. Qg4 Be6 34.
Qf3 1/2-1/2

[Event "2012(Zaozhuang-China) Asian Nations Chess Cup"]
[Site "ZaoZhuang, China"]
[Date "2012.05.20"]
[Round "4"]
[Board "3"]
[White "Khusnutdinov, Rustam"]
[Black "Chan, Yi Ren Daniel"]
[Result "1-0"]
[WhiteElo "2509"]
[BlackElo "2333"]
[PlyCount "0"]
[EventDate "2012.05.17"]
[EventType "team"]
[EventRounds "9"]
[EventCountry "CHN"]
[WhiteTeam "Kazakhstan"]
[BlackTeam "Singapore"]

1. g3 Nf6 2. Bg2 e5 3. c4 g6 4. Nc3 Bg7 5. e3 O-O 6. Nge2 d6 7. O-O c6 8. d3
Nh5 9. Rb1 f5 10. f4 Re8 11. Bd2 Nd7 12. b4 Qc7 13. h3 Nhf6 14. Kh2 Nf8 15. b5
c5 16. Qb3 Qf7 17. e4 h6 18. Qa3 Rd8 19. Be3 Ne6 20. fxe5 dxe5 21. Nd5 Nxd5 22.
cxd5 Nd4 23. Nxd4 cxd4 24. Bd2 Qe8 25. b6 Bf8 26. Qa5 Rd6 27. Rfc1 g5 28. bxa7
f4 29. Rb6 Qd7 30. Rxd6 Bxd6 31. Qb6 Kf7 32. Bb4 fxg3+ 33. Kxg3 Bxb4 34. Rc7
Be1+ 35. Kh2 Ke7 36. Rxd7+ 1-0

[Event "2012(Zaozhuang-China) Asian Nations Chess Cup"]
[Site "ZaoZhuang, China"]
[Date "2012.05.20"]
[Round "4"]
[Board "4"]
[White "Chan, Peng Kong"]
[Black "Kuderinov, Kirill"]
[Result "0-1"]
[WhiteElo "2252"]
[BlackElo "2493"]
[PlyCount "0"]
[EventDate "2012.05.17"]
[EventType "team"]
[EventRounds "9"]
[EventCountry "CHN"]
[WhiteTeam "Singapore"]
[BlackTeam "Kazakhstan"]

1. d4 Nf6 2. c4 e6 3. Nc3 Bb4 4. Qc2 O-O 5. a3 Bxc3+ 6. Qxc3 Ne4 7. Qc2 d5 8.
Nf3 b6 9. Bf4 c5 10. e3 Bb7 11. Bd3 Nd7 12. O-O cxd4 13. exd4 Qf6 14. Be5 Qe7
15. cxd5 Rfc8 16. Qe2 exd5 17. Rac1 Nf8 18. h3 Ng6 19. Rfe1 h6 20. Ba6 Bxa6 21.
Qxa6 Qd7 22. Red1 Rc6 23. Bg3 Rac8 24. Rxc6 Qxc6 25. Re1 Qd7 26. Qd3 Qa4 27.
Re2 Qc4 28. Qxc4 Rxc4 29. Bb8 a6 30. g3 Ne7 31. Kg2 f6 32. Ba7 b5 33. Bb6 Nc6
34. Kg1 Kf7 35. Kf1 g5 36. Kg2 a5 37. Kg1 a4 38. Kg2 Rc1 39. Ne1 Nd6 40. Bc5
Nc4 41. g4 Rd1 42. Nc2 Nxb2 43. Nb4 Nxb4 44. Rxb2 Nd3 45. Rxb5 Nf4+ 46. Kh2 Rd2
47. Rb7+ Ke8 48. Re7+ Kd8 49. Rh7 Rxf2+ 50. Kg3 Rf1 51. Rxh6 Ne6 52. Kg2 Rf4
53. Bd6 Rxd4 54. Rxf6 Kd7 55. Bb4 Nf4+ 56. Kh2 Rd3 57. Rd6+ Ke8 58. Ra6 Rxh3+
59. Kg1 Kd7 60. Rd6+ Kc7 61. Ra6 Rg3+ 62. Kf1 Rxg4 63. Rxa4 Kb6 64. Ra8 Ne6 65.
Rg8 Re4 66. Kf2 Kb5 67. Rc8 d4 68. Kf3 Rf4+ 69. Ke2 g4 70. Bd6 Re4+ 71. Kd2 Kb6
72. Kd3 Re3+ 73. Kd2 Rf3 74. Rg8 Kc6 75. Bb8 Rf2+ 76. Kd1 Rg2 77. a4 Nc5 78.
Rd8 d3 79. Rd4 Rg1+ 80. Kd2 Nb3+ 81. Kxd3 Rd1+ 82. Kc2 Rxd4 83. Kxb3 g3 0-1

[Event "2012(Zaozhuang-China) Asian Nations Chess Cup"]
[Site "ZaoZhuang, China"]
[Date "2012.05.20"]
[Round "4"]
[Board "2"]
[White "Nguyen, Ngoc Truong Son"]
[Black "Munkhgal, Gombosuren"]
[Result "1/2-1/2"]
[WhiteElo "2656"]
[BlackElo "2387"]
[PlyCount "0"]
[EventDate "2012.05.17"]
[EventType "team"]
[EventRounds "9"]
[EventCountry "CHN"]
[WhiteTeam "Vietnam"]
[BlackTeam "Mongolia"]

1. d4 Nf6 2. c4 e6 3. Nc3 Bb4 4. e3 O-O 5. a3 Bxc3+ 6. bxc3 d5 7. cxd5 exd5 8.
Bd3 c5 9. Ne2 Nc6 10. O-O Re8 11. f3 Na5 12. Re1 Bd7 13. Rb1 a6 14. Ng3 b5 15.
Qd2 Be6 16. h3 Rc8 17. Qf2 cxd4 18. cxd4 Rc3 19. Qd2 Qc7 20. Ne2 Rc6 21. Nf4
Nc4 22. Qf2 Nd6 23. Nxe6 Rxe6 24. Bd2 Nc4 25. Bb4 a5 26. Bc5 Nd7 27. Rxb5 Nxc5
28. Rxc5 Rxc5 29. dxc5 Qxc5 30. e4 Qxf2+ 31. Kxf2 Ne5 32. Rd1 dxe4 33. Bxe4 g6
34. Rd5 Nc4 35. Rc5 Nxa3 36. Bd3 Rb6 37. Rxa5 Rb2+ 38. Kg3 Nc2 39. Bxc2 Rxc2
40. h4 1/2-1/2

[Event "2012(Zaozhuang-China) Asian Nations Chess Cup"]
[Site "ZaoZhuang, China"]
[Date "2012.05.20"]
[Round "4"]
[Board "3"]
[White "Battulga, Namkhai"]
[Black "Nguyen, Duc Hoa"]
[Result "0-1"]
[WhiteElo "2397"]
[BlackElo "2496"]
[PlyCount "0"]
[EventDate "2012.05.17"]
[EventType "team"]
[EventRounds "9"]
[EventCountry "CHN"]
[WhiteTeam "Mongolia"]
[BlackTeam "Vietnam"]

1. e4 c5 2. Nf3 Nc6 3. d4 cxd4 4. Nxd4 Qb6 5. Nb3 Nf6 6. Nc3 e6 7. Qe2 Bb4 8.
Bd2 O-O 9. e5 Bxc3 10. bxc3 Ne8 11. O-O-O Qc7 12. f4 d6 13. Re1 a5 14. a4 Bd7
15. Qe4 d5 16. Qe3 Ne7 17. Nc5 Bc6 18. Bd3 Rc8 19. Qh3 g6 20. Re3 Ng7 21. Rg1
Qb6 22. Nb3 Bxa4 23. Nd4 Nef5 24. Bxf5 Nxf5 25. Nxf5 exf5 26. Qh6 Rxc3 27. Rxc3
Qxg1+ 28. Kb2 Qd4 29. Kc1 b5 30. Be1 Qe4 31. Bf2 d4 32. Rc7 d3 33. Bc5 Rd8 34.
cxd3 Qe1+ 35. Kb2 Qd2+ 0-1

[Event "2012(Zaozhuang-China) Asian Nations Chess Cup"]
[Site "ZaoZhuang, China"]
[Date "2012.05.20"]
[Round "4"]
[Board "4"]
[White "Dao, Thien Hai"]
[Black "Nasanjargal, Urtnasan"]
[Result "1-0"]
[WhiteElo "2514"]
[BlackElo "2304"]
[PlyCount "0"]
[EventDate "2012.05.17"]
[EventType "team"]
[EventRounds "9"]
[EventCountry "CHN"]
[WhiteTeam "Vietnam"]
[BlackTeam "Mongolia"]

1. d4 Nf6 2. c4 g6 3. Nc3 Bg7 4. e4 d6 5. h3 O-O 6. Nf3 e5 7. d5 a5 8. g4 Na6
9. Bg5 Qe8 10. Rg1 Kh8 11. Be2 Nd7 12. Qd2 Ndc5 13. O-O-O Na4 14. Nb5 Bd7 15.
Kb1 Nb6 16. Qc1 Bxb5 17. cxb5 Nc5 18. Qc2 f5 19. gxf5 gxf5 20. exf5 Qf7 21. Nh4
Bf6 22. Qc1 Ne4 23. Bxf6+ Nxf6 24. Qh6 Ng8 25. Ng6+ Qxg6 26. fxg6 Nxh6 27. g7+
Kg8 28. gxf8=Q+ Kxf8 29. Rc1 Rc8 30. Bd3 Nxd5 31. Be4 Nf4 32. Bxb7 Rb8 33. Rxc7
Nf7 34. Rc8+ Rxc8 35. Bxc8 1-0

[Event "2012(Zaozhuang-China) Asian Nations Chess Cup"]
[Site "ZaoZhuang, China"]
[Date "2012.05.20"]
[Round "4"]
[Board "1"]
[White "Camacho Collados, Jose"]
[Black "Abdulwahhab, Ahmed Abdulsattar A"]
[Result "0-1"]
[WhiteElo "2353"]
[BlackElo "2321"]
[PlyCount "0"]
[EventDate "2012.05.17"]
[EventType "team"]
[EventRounds "9"]
[EventCountry "CHN"]
[WhiteTeam "Korea"]
[BlackTeam "Iraq"]

1. e4 c5 2. Nf3 e6 3. g3 Nc6 4. Bg2 Nf6 5. Qe2 d6 6. O-O Be7 7. c3 O-O 8. d4 d5
9. e5 Ne4 10. Nbd2 Nxd2 11. Bxd2 b6 12. Be3 a5 13. Rfe1 a4 14. h4 a3 15. b3 Ba6
16. Qd2 cxd4 17. Bxd4 Nxd4 18. cxd4 Qd7 19. Re3 Rac8 20. Ne1 Rc7 21. Bf1 Bxf1
22. Kxf1 Rfc8 23. Kg2 Qb5 24. Qe2 Qa5 25. Rd3 Bb4 26. Rdd1 h6 27. Nd3 Rc2 28.
Qg4 Bc3 29. Rac1 Rxa2 30. Nf4 Qa6 31. Nh5 g6 32. Nf6+ Kg7 33. Qf4 Qe2 34. Re1
Qxf2+ 35. Qxf2 Rxf2+ 36. Kxf2 Bxd4+ 37. Ke2 Rxc1 38. Rxc1 a2 39. Nd7 b5 40. g4
a1=Q 41. Rxa1 Bxa1 42. g5 Bb2 43. Kf3 Bc1 44. gxh6+ Kxh6 45. Nf6 g5 46. h5 Bf4
47. Ke2 Kg7 48. Ng4 Bc1 49. Nf6 Bb2 50. Nd7 g4 51. Kf2 Kh6 52. Kg3 Kxh5 53.
Nf6+ Kg5 54. Nxg4 Bc1 55. Kf3 Kf5 56. Nf2 Bf4 57. Ng4 d4 58. Nf2 Bxe5 0-1

[Event "2012(Zaozhuang-China) Asian Nations Chess Cup"]
[Site "ZaoZhuang, China"]
[Date "2012.05.20"]
[Round "4"]
[Board "2"]
[White "Al-Ali, Hussein Ali Hussein"]
[Black "Lee, Sanghoon"]
[Result "1-0"]
[WhiteElo "2343"]
[BlackElo "2137"]
[PlyCount "0"]
[EventDate "2012.05.17"]
[EventType "team"]
[EventRounds "9"]
[EventCountry "CHN"]
[WhiteTeam "Iraq"]
[BlackTeam "Korea"]

1. Nf3 Nf6 2. g3 g6 3. Bg2 Bg7 4. O-O O-O 5. d4 c6 6. c4 d5 7. cxd5 cxd5 8. Ne5
Ne4 9. Nd2 Nxd2 10. Bxd2 Nd7 11. Nxd7 Qxd7 12. Bf4 b6 13. Rc1 e6 14. Qd2 Ba6
15. b3 Rac8 16. Bf3 Qb5 17. Rfd1 Rfe8 18. h4 Bf8 19. Rxc8 Rxc8 20. Rc1 Qd7 21.
Be5 Bb7 22. h5 Ba3 23. Rf1 Qe7 24. hxg6 fxg6 25. Bg4 Rc6 26. Kg2 Bc8 27. Rh1
Qf7 28. b4 Rc4 29. b5 Bd7 30. Rb1 Bf8 31. e3 Qe7 32. Be2 Rc8 33. Rc1 Qb4 34.
Qxb4 Bxb4 35. Rxc8+ Bxc8 36. Bb8 Kf7 37. Bxa7 Ba5 38. g4 Ke7 39. Bb8 Kd7 40. g5
Bb4 41. Bf4 Bd6 42. Kg3 Bxf4+ 43. Kxf4 Kd6 44. f3 e5+ 45. dxe5+ Kc5 46. a3 Be6
47. Kg3 d4 48. Kf2 Kd5 49. exd4 Kxd4 50. f4 Kc3 51. Ke3 Bf5 52. a4 Kb4 53. Kd4
Be6 54. a5 Kxa5 55. Bc4 Bd7 56. e6 Be8 57. Kc3 Ka4 58. Bd3 Ka3 59. Kc4 Kb2 60.
Be4 Ka3 61. Bc6 1-0

[Event "2012(Zaozhuang-China) Asian Nations Chess Cup"]
[Site "ZaoZhuang, China"]
[Date "2012.05.20"]
[Round "4"]
[Board "3"]
[White "Chogdov, Munkhbat"]
[Black "Ismael, Namir Mohammed Ismael"]
[Result "1/2-1/2"]
[WhiteElo "2245"]
[BlackElo "2192"]
[PlyCount "0"]
[EventDate "2012.05.17"]
[EventType "team"]
[EventRounds "9"]
[EventCountry "CHN"]
[WhiteTeam "Korea"]
[BlackTeam "Iraq"]

1. c4 e5 2. Nc3 Nf6 3. Nf3 Nc6 4. d3 h6 5. g3 Bc5 6. Bg2 O-O 7. O-O d6 8. a3 a5
9. Rb1 Be6 10. Na4 e4 11. dxe4 Nxe4 12. Nxc5 dxc5 13. Qxd8 Raxd8 14. b3 g5 15.
Rb2 f5 16. h4 g4 17. Nd2 Nd6 18. Nb1 Kh7 19. Nc3 Ne7 20. Bf4 b6 21. e4 Ng6 22.
exf5 Nxf4 23. fxe6 Nxe6 24. Re1 Nd4 25. Nd5 a4 26. Re7+ Kh8 27. Rxc7 axb3 28.
Nxb6 Rb8 29. Nd7 Nxc4 30. Nxf8 Rxf8 31. Rb1 Nxa3 32. Re1 b2 33. Rb7 Ndc2 34.
Rd1 b1=Q 35. Rdxb1 Nxb1 36. Rxb1 Nd4 37. Rb6 Rc8 38. Be4 c4 39. Rxh6+ Kg7 40.
Rg6+ Kf7 41. Rxg4 Kf6 42. Kg2 c3 43. h5 c2 44. Bxc2 Nxc2 45. Rg6+ Kf5 46. g4+
Kf4 47. Kh3 Nd4 48. Rf6+ Kg5 49. Rd6 Rc3+ 50. Kg2 Kxg4 51. Rxd4+ Kxh5 52. Rf4
Kg5 53. Rf8 Ra3 54. Rb8 Kf4 55. Rb4+ Kf5 56. f3 Ra8 57. Rg4 Ra1 1/2-1/2

[Event "2012(Zaozhuang-China) Asian Nations Chess Cup"]
[Site "ZaoZhuang, China"]
[Date "2012.05.20"]
[Round "4"]
[Board "4"]
[White "Mohammed, Zozek Salah Mohammed"]
[Black "Kim, Changhoon"]
[Result "1-0"]
[WhiteElo "2268"]
[BlackElo "1791"]
[PlyCount "0"]
[EventDate "2012.05.17"]
[EventType "team"]
[EventRounds "9"]
[EventCountry "CHN"]
[WhiteTeam "Iraq"]
[BlackTeam "Korea"]

1. d4 Nf6 2. c4 e6 3. Nf3 Bb4+ 4. Bd2 Qe7 5. Nc3 Nc6 6. Qc2 Bxc3 7. Bxc3 d6 8.
b4 e5 9. dxe5 Nxe5 10. Nxe5 dxe5 11. Qb2 Nd7 12. e3 O-O 13. Be2 Re8 14. O-O Nb6
15. a4 Bd7 16. b5 c5 17. a5 Nc8 18. Rfd1 f6 19. Bf3 e4 20. Bxe4 Qxe4 21. Rxd7
Ne7 22. Qe2 Nf5 23. Rad1 Nh4 24. f3 Qxe3+ 25. Qxe3 Rxe3 26. Be1 Nf5 27. Rxb7
Rae8 28. Bf2 Rc3 29. Rxa7 Rxc4 30. b6 Nd6 31. b7 Rb4 32. Bxc5 Rxb7 33. Rxd6 Rb2
34. Rd1 1-0

[Event "2012(Zaozhuang-China) Asian Nations Chess Cup"]
[Site "ZaoZhuang, China"]
[Date "2012.05.20"]
[Round "4"]
[Board "1"]
[White "Megaranto, Susanto"]
[Black "Nasser, Zendan Ali"]
[Result "1-0"]
[WhiteElo "2517"]
[BlackElo "2377"]
[PlyCount "0"]
[EventDate "2012.05.17"]
[EventType "team"]
[EventRounds "9"]
[EventCountry "CHN"]
[WhiteTeam "Indonesia"]
[BlackTeam "Yemen"]

1. d4 Nf6 2. Nf3 g6 3. Nc3 d5 4. Bf4 Bg7 5. e3 O-O 6. Be2 c6 7. h4 Nbd7 8. Ne5
Nxe5 9. Bxe5 b5 10. h5 a5 11. g4 a4 12. a3 Ne4 13. Nxe4 dxe4 14. Bxg7 Kxg7 15.
f4 exf3 16. Bxf3 Qd6 17. Qe2 g5 18. h6+ Kh8 19. c3 Be6 20. O-O-O Bc4 21. Qh2
Rac8 22. e4 f6 23. Be2 Bxe2 24. Qxe2 c5 25. dxc5 Qf4+ 26. Kb1 Rxc5 27. Rhf1 Qc7
28. Rf5 e6 29. Rxc5 Qxc5 30. Rd7 Qe5 31. Qd3 Qh2 32. Qxb5 Qh1+ 33. Ka2 Qxe4 34.
c4 Kg8 35. Rg7+ Kh8 36. Rc7 Qd3 37. Qxa4 e5 38. Qb4 Rg8 39. Rf7 Qe4 40. c5 Qd5+
41. Qb3 Qxc5 42. Qe6 1-0

[Event "2012(Zaozhuang-China) Asian Nations Chess Cup"]
[Site "ZaoZhuang, China"]
[Date "2012.05.20"]
[Round "4"]
[Board "2"]
[White "Ahmed, Hatem Ebrahim"]
[Black "Muhammad, Luthfi Ali"]
[Result "0-1"]
[WhiteElo "2278"]
[BlackElo "2027"]
[PlyCount "0"]
[EventDate "2012.05.17"]
[EventType "team"]
[EventRounds "9"]
[EventCountry "CHN"]
[WhiteTeam "Yemen"]
[BlackTeam "Indonesia"]

1. Nf3 Nf6 2. g3 g6 3. b4 Bg7 4. Bb2 d5 5. Bg2 O-O 6. O-O Na6 7. a3 c5 8. b5
Nc7 9. a4 Nce8 10. d3 Nd6 11. Nbd2 a6 12. c4 d4 13. Nb3 Nd7 14. Qd2 e5 15. Ba3
e4 16. Nfxd4 axb5 17. Nxb5 Nxb5 18. axb5 Bxa1 19. Rxa1 exd3 20. exd3 Re8 21.
Bb2 Rxa1+ 22. Bxa1 Qe7 23. Be4 f6 24. f4 b6 25. Qc3 Kg7 26. Nd2 Nf8 27. Nf3 Bf5
28. Kg2 Bxe4 29. dxe4 Ne6 30. Kf2 Rd8 31. Qe3 Qa7 32. Qc3 Nd4 33. e5 Qa8 34.
exf6+ Kxf6 35. Ne5 Qe4 36. Qe3 Qxe3+ 37. Kxe3 Nc2+ 38. Kf3 Nxa1 39. g4 Nc2 40.
h4 h5 41. gxh5 gxh5 42. Nc6 Nd4+ 43. Ke4 Nxc6 44. bxc6 Ke6 45. f5+ Kd6 46. f6
Kxc6 47. Kf5 Kd6 48. f7 Ke7 0-1

[Event "2012(Zaozhuang-China) Asian Nations Chess Cup"]
[Site "ZaoZhuang, China"]
[Date "2012.05.22"]
[Round "5"]
[Board "2"]
[White "Ismagambetov, Anuar"]
[Black "Hari Krishna, Pentala"]
[Result "1/2-1/2"]
[WhiteElo "2478"]
[BlackElo "2693"]
[PlyCount "0"]
[EventDate "2012.05.17"]
[EventType "team"]
[EventRounds "9"]
[EventCountry "CHN"]
[WhiteTeam "Kazakhstan"]
[BlackTeam "India"]

1. d4 d5 2. Nf3 Nf6 3. c4 c6 4. e3 g6 5. Be2 Bg7 6. Nc3 O-O 7. O-O e6 8. Qc2
Nbd7 9. Rd1 b6 10. e4 dxe4 11. Nxe4 Qc7 12. Bg5 Bb7 13. Nxf6+ Nxf6 14. c5 bxc5
15. dxc5 Nd5 16. Rac1 Rab8 17. Qd2 Bc8 18. b3 e5 19. Bh6 f6 20. Bc4 Rd8 21.
Bxg7 Kxg7 22. h3 Be6 23. Qe1 Nf4 24. Bxe6 Nxe6 25. Qe2 Nf4 26. Qe4 Nd5 27. Qe1
a5 28. Rc4 Nb4 29. a3 Nd3 30. Qc3 Nf4 31. Qc2 Rxd1+ 32. Qxd1 Qd8 33. Qd6 Qxd6
34. cxd6 Kf7 35. Rxc6 Rxb3 36. Nd2 Rxa3 37. Nc4 Rd3 38. Rc7+ Ke6 39. Rxh7 Rd4
40. Nxa5 Rxd6 41. Nc4 Rd1+ 42. Kh2 Rf1 43. Kg3 Ne2+ 44. Kf3 Nd4+ 45. Ke3 Re1+
46. Kd3 Re2 47. f4 Rxg2 48. fxe5 fxe5 49. Rh8 Nc6 50. Re8+ Kf6 51. Rf8+ Kg5 52.
Rc8 Nb4+ 53. Ke4 Re2+ 54. Kf3 Re1 55. Nd2 Nd5 56. Kf2 Rd1 57. Nf3+ Kf6 58. Rc6+
Kf5 59. Nh4+ Kg5 60. Nf3+ Kf4 61. Rxg6 e4 62. Rg4+ Kf5 63. Nh4+ Ke5 64. Rg5+
Kd4 65. Nf3+ exf3 66. Kxf3 Rd3+ 67. Kg4 Ke4 68. Rg6 Ke5 69. Ra6 Nf6+ 70. Kh4
Ne4 71. Kh5 Rg3 72. Ra5+ Ke6 73. Ra4 Nd6 74. Rg4 Ra3 75. Kg5 Rf3 76. Ra4 Nf7+
77. Kg4 Ne5+ 78. Kg5 Rf5+ 79. Kh4 Rf3 80. Kg5 Nf7+ 81. Kg4 Rb3 82. Ra6+ Nd6 83.
h4 Rb4+ 84. Kf3 Ke5 85. h5 Rf4+ 86. Ke2 Rh4 87. h6 Rh3 88. h7 Nf5 89. Ra8 Rxh7
90. Re8+ Kd5 91. Rd8+ Nd6 92. Kf3 Ke5 93. Ra8 Rh3+ 94. Ke2 Nc4 95. Kf2 Kf4 96.
Rf8+ Ke4 97. Ra8 Rf3+ 98. Ke2 Rb3 99. Kf2 Rb4 100. Rh8 Rb2+ 101. Kg3 Nd6 102.
Rh4+ Ke3 103. Ra4 Ne4+ 104. Kg4 Rg2+ 105. Kf5 Rg5+ 106. Ke6 Kf4 107. Ra1 Rg6+
108. Kd5 Rd6+ 109. Kc4 Rd8 110. Rh1 Nd2+ 111. Kc5 Nf3 112. Kc6 Ke5 113. Kc7 Rg8
114. Rh5+ Kd4 115. Rh1 Kd5 116. Ra1 Rg7+ 117. Kb6 Rg6+ 118. Kc7 Rc6+ 119. Kb7
Rc2 120. Rh1 Nd4 121. Rd1 Rc4 122. Rh1 Kd6 123. Rb1 Kd7 124. Kb6 Rc6+ 125. Ka5
Kc7 126. Rh1 Rc5+ 127. Kb4 Kb6 128. Rh6+ Nc6+ 129. Kb3 Kb5 130. Rh4 Ne5 131.
Rh8 Rd5 132. Kc3 Rd3+ 133. Kc2 Re3 134. Rc8 Nc6 135. Kd2 1/2-1/2

[Event "2012(Zaozhuang-China) Asian Nations Chess Cup"]
[Site "ZaoZhuang, China"]
[Date "2012.05.22"]
[Round "5"]
[Board "4"]
[White "Kuderinov, Kirill"]
[Black "Gupta, Abhijeet"]
[Result "1/2-1/2"]
[WhiteElo "2493"]
[BlackElo "2644"]
[PlyCount "0"]
[EventDate "2012.05.17"]
[EventType "team"]
[EventRounds "9"]
[EventCountry "CHN"]
[WhiteTeam "Kazakhstan"]
[BlackTeam "India"]

1. d4 Nf6 2. Nf3 g6 3. c4 Bg7 4. Nc3 d5 5. Bd2 c6 6. e3 O-O 7. cxd5 Nxd5 8. Be2
c5 9. O-O Nc6 10. Nxd5 Qxd5 11. Bc3 Rd8 12. Qc1 cxd4 13. Nxd4 Nxd4 14. exd4 Be6
15. Bf3 Qd7 16. Re1 Rac8 17. Qf4 Qc7 18. Qe3 b5 19. d5 Bxc3 20. bxc3 Bxd5 21.
Bxd5 Rxd5 22. Qxe7 Qxe7 23. Rxe7 a6 24. Re3 Rc4 25. g3 Rd2 26. Rf3 Kg7 27. Re1
Rc7 28. a4 bxa4 29. Ra1 Rc4 30. Rf4 Rxc3 31. Raxa4 Rc6 32. Ra3 g5 33. Rf5 h6
34. Kg2 Rb2 35. Kg1 Rb5 36. Rff3 a5 37. Ra2 g4 38. Rf4 h5 39. Kg2 Rcc5 40. h3
f5 41. hxg4 hxg4 42. f3 Rb4 43. fxg4 fxg4 44. Raf2 Rxf4 45. Rxf4 Rg5 46. Kf2
Kg6 47. Ke3 Kh5 48. Rf8 Rb5 49. Kf4 a4 50. Rh8+ Kg6 51. Kxg4 Ra5 52. Rh2 a3 53.
Ra2 Ra4+ 54. Kf3 Kf5 55. Ke3 Ke5 1/2-1/2